00556 2200205 4500001002100000005001500021035002000036007000300056008004100059020002200100082001000122084001600132100002600148245005500174260003600229300004200265650001300307650001000320990002000330INLIS00000000000291320260505082512 a0010-0526000004ta260505 g 0 ind  a978-623-10-5437-1 a005.5 a005.5 FAI t1 aFairuzabadi, Muhammad1 aTips & Trick: Panduan Lengkap Menjadi Master Excel aYogyakarta :bYash Media,c2024 ax + 222 hlm. :bilus. ;c13 x 19 hlm. 4aKomputer 4aExcel a20260501.04.005